The lost colony / (Record no. 6211)

MARC details
000 -LEADER
fixed length control field 04282cam a22003973a 4500
001 - CONTROL NUMBER
control field 6211
003 - CONTROL NUMBER IDENTIFIER
control field FISKH
005 - DATE AND TIME OF LATEST TRANSACTION
control field 20250328143908.0
008 - FIXED-LENGTH DATA ELEMENTS--GENERAL INFORMATION
fixed length control field 960904s1946 xx 000 0deng
010 ## - LIBRARY OF CONGRESS CONTROL NUMBER
LC control number 2009658047
020 ## - INTERNATIONAL STANDARD BOOK NUMBER
International Standard Book Number 9780141339146
035 ## - SYSTEM CONTROL NUMBER
System control number coe96001556
040 ## - CATALOGING SOURCE
Original cataloging agency DLC
Transcribing agency DLC
Language of cataloging eng
050 ## - LIBRARY OF CONGRESS CALL NUMBER
Classification number PZ7.C677475 A
082 ## - DEWEY DECIMAL CLASSIFICATION NUMBER
Classification number 823.92
100 ## - MAIN ENTRY--PERSONAL NAME
Personal name Colfer, Eoin
245 04 - TITLE STATEMENT
Title The lost colony /
Statement of responsibility, etc. Eoin Colfer
250 ## - EDITION STATEMENT
Edition statement This edition published in 2011
260 ## - PUBLICATION, DISTRIBUTION, ETC.
Date of publication, distribution, etc. New York :
Place of publication, distribution, etc. Puffin Books,
Name of publisher, distributor, etc. 2006.
300 ## - PHYSICAL DESCRIPTION
Extent 376 pages :
Dimensions 20 cm
500 ## - GENERAL NOTE
General note Roanoke Island Waterside Theatre, Manteo, Roanoke Island, North Carolina, June 30-September 2, 1946.
500 ## - GENERAL NOTE
General note "The Lost Colony souvenir program, sixth summer season, 359 anniversary celebration, 1946"--p. [1].
500 ## - GENERAL NOTE
General note Title devised by Library staff.
500 ## - GENERAL NOTE
General note Cast: Iran Berlow, Roger Quinlan, James Geiger, Foster Fitz-Simons, John Westcott, Donald Mason, Helen Harrison, Florence Mitchell, Roy Grey Jr., James Warren, Robert Atkinson, Robert Schenkkan, Arthur Conescu, Donald Somers, Rogers Whitener, Jack White, Kai Jurgensen, Barbara Benedict, Allan Frank, Katherine Cale, Martin Kellogg, Patric Shannon, Bram Nossen, Robert Armstrong, Rex Coston, Robert Williams, Claude Rayborn, Iran Berlow, Jean Schenkkan, Katherine Pfohl, Jane McFagan, Lydia Dorsett, Caroline Chichester, Lola Morgan, Hettie Westcott, Ruth Evans, Marion Fitz-Simons, Stephen Basnight, Jerry Daniels, William Loftin, Carlton Albertson, Raikes Slinkard, L.P. Leggette, Joyce Heath, Doris Rogers, Dorothy Burrus, Mary Jo Cain, Helen Cohen, Elizabeth Stoney, Phyllis Sullivan, Sherry Levine, Peggy Jurgensen, Harry Coble, David Hooks, Jack Morgan, Larry Boyette, Dan Cannady, Fred Galton, Eugene Enlow, Richard Kiser, Charles Waldman, Julia Parker, Glenn Harden, Goldie Sawyer, Edith Hewitt, Doris Alford, Margaret Burns, Betty Henshaw, Natalie Etheridge, Priscilla Rathburn, Mildred Parker, Wilbur Austin, Carther Liverman, Edgar Midgett, Carlton Albertson, Edwin Alford, Ben Grey, Joe Parker, Sam Midgett Jr., Marjalen Midgett, Margaret Burns, Anna Christian Lowe, Marie Etheridge, Dorla Midgett, Hilda Austin, Estelle Jones, Helen Meekins, Estelle Tillett, Juanita Parker, Lewton Smith, Sebastian Sommer, Shelton Lewis, Peggy Jurgensen, Ann Midgett, Anne Osterhout, Norma O'Neill, Phyllis Sullivan, Miriam Ferebee, Roger Meekins, Raikes Slinkard, Billy Meekins, Dora Grey, Alice Kellogg, Mildred Roberts, Mary Evans, Hannah Brown, Bertha Hostvedt, Elizabeth Dough, Doris Walker, Janie Etheridge, Mary Basnight, Jacquelyn Vannote, Eloise Westcott, Francis Adams, Corinne Herron, Inger Lewis, Glenn Harden, Sherry Levine, Mary Jo Cain, Peggy Jurgensen, Helen Cohen, Elizabeth Stoney, Phyllis Sullivan, Anne Osterhout, Edgar Midgett, Jack Warden, Bob Owens, Evertt Liverman, Jimmy Williams, James Warren, Rex Coston, Patric Shannon, Nat Jones, Shelton Lewis, Sebastian Sommer, Arthur Conescu, Lewton Smith, Harry Coble, David Hooks, Charles Waldman, Richard Kiser, Fred Galton, Larry Boyette, Jack Morgan, Dan Cannady, Eugene Enlow. Musicians: Rex Coston, James Geiger.
520 ## - SUMMARY, ETC.
Summary, etc. The Roanoke Island Historical Association, Inc. with cooperation of the state of North Carolina presents "The Lost Colony," a symphonic drama with music and dance by Paul Green, staged and directed by Samuel Selden, musical director Theos Cronk, choreography Foster Fitz-Simons, technical director Wilbur Dorsett, costumes Irene Smart, lighting W.T. Chichester, special music Lamar Stringfield and Adeline McCall, organist James Malcolm Hart, architect and builder of the theatre Albert Q. Bell, news director Woodrow Price, properties William Long and Walter Preston, Lost Colony Production, John A. Walker, general manager.
580 ## - LINKING ENTRY COMPLEXITY NOTE
Linking entry complexity note In: Richard L. Coe Theater Programs Collection (Library of Congress).
651 #0 - SUBJECT ADDED ENTRY--GEOGRAPHIC NAME
Geographic name Roanoke Colony
Form subdivision Drama.
651 #0 - SUBJECT ADDED ENTRY--GEOGRAPHIC NAME
Geographic name Roanoke Island (N.C.)
Form subdivision Drama.
655 #7 - INDEX TERM--GENRE/FORM
Genre/form data or focus term Souvenir programs
Geographic subdivision North Carolina
-- Manteo.
Source of term rbgenr
655 #7 - INDEX TERM--GENRE/FORM
Genre/form data or focus term Souvenir programs
Chronological subdivision 1946.
Source of term rbgenr
655 #7 - INDEX TERM--GENRE/FORM
Genre/form data or focus term Theater programs
Geographic subdivision North Carolina
-- Manteo.
Source of term rbgenr
655 #7 - INDEX TERM--GENRE/FORM
Genre/form data or focus term Theater programs
Chronological subdivision 1946.
Source of term rbgenr
906 ## - LOCAL DATA ELEMENT F, LDF (RLIN)
a 7
b cbc
c origres
d 2
e ncip
f 20
g y-genrareb
942 ## - ADDED ENTRY ELEMENTS (KOHA)
Source of classification or shelving scheme Dewey Decimal Classification
Koha item type Books
Suppress in OPAC No
Holdings
Withdrawn status Lost status Source of classification or shelving scheme Damaged status Not for loan Collection Home library Current library Shelving location Date acquired Total Checkouts Full call number Barcode Date last seen Date last checked out Price effective from Koha item type
    Dewey Decimal Classification     Fiction Footprints International School Library Network Toul Kork Campus Footprints International School Library Network Toul Kork Campus A TK Campus, 4th Floor, Room B401, Fiction Bookcases (1-6) 03/28/2025 1 COL 823.92 PZ7.C677475 A 2025-0882 04/01/2026 03/02/2026 03/28/2025 Books